Pakistan-India conflicts : (Record no. 14042)

000 -LEADER
fixed length control field 01003cam a22003135i 4500
001 - CONTROL NUMBER
control field 17711044
005 - DATE AND TIME OF LATEST TRANSACTION
control field 20170105102846.0
008 - FIXED-LENGTH DATA ELEMENTS--GENERAL INFORMATION
fixed length control field 130425s2013 pk b 000 0 eng
010 ## - LIBRARY OF CONGRESS CONTROL NUMBER
LC control number 2013344518
020 ## - INTERNATIONAL STANDARD BOOK NUMBER
Canceled/invalid ISBN 09789699557101
025 ## - OVERSEAS ACQUISITION NUMBER
Overseas acquisition number P-E-2013344518 ; 28
040 ## - CATALOGING SOURCE
Original cataloging agency DLC
Language of cataloging eng
Transcribing agency DLC
Description conventions rda
042 ## - AUTHENTICATION CODE
Authentication code lcode
043 ## - GEOGRAPHIC AREA CODE
Geographic area code a-pk---
-- a-ii---
050 00 - LIBRARY OF CONGRESS CALL NUMBER
Classification number 0000
100 1# - MAIN ENTRY--PERSONAL NAME
Personal name K̲h̲ālid, Iram.
245 10 - TITLE STATEMENT
Title Pakistan-India conflicts :
Remainder of title an application of crises decision making /
Statement of responsibility, etc. by, Dr. Iram Khalid.
250 ## - EDITION STATEMENT
Edition statement First edition.
300 ## - PHYSICAL DESCRIPTION
Extent xi, 380 pages ;
Dimensions 25 cm
504 ## - BIBLIOGRAPHY, ETC. NOTE
Bibliography, etc. note Includes bibliographical references (pages 269-297).
650 #0 - SUBJECT ADDED ENTRY--TOPICAL TERM
Topical term or geographic name entry element Crisis management.
651 #0 - SUBJECT ADDED ENTRY--GEOGRAPHIC NAME
Geographic name Pakistan
General subdivision Foreign relations
Geographic subdivision India.
651 #0 - SUBJECT ADDED ENTRY--GEOGRAPHIC NAME
Geographic name India
General subdivision Foreign relations
Geographic subdivision Pakistan.
651 #0 - SUBJECT ADDED ENTRY--GEOGRAPHIC NAME
Geographic name Pakistan
General subdivision Politics and government.
651 #0 - SUBJECT ADDED ENTRY--GEOGRAPHIC NAME
Geographic name India
General subdivision Politics and government.
906 ## - LOCAL DATA ELEMENT F, LDF (RLIN)
a 7
b ibc
c origode
d 3
e ncip
f 20
g y-gencatlg
942 ## - ADDED ENTRY ELEMENTS (KOHA)
Source of classification or shelving scheme
Koha item type Book
Holdings
Withdrawn status Lost status Damaged status Not for loan Collection code Permanent Location Current Location Shelving location Date acquired Total Checkouts Full call number Barcode Date last seen Price effective from Koha item type Source of classification or shelving scheme Total Renewals Date last checked out
          Centre for International Peace & Stability (CIPS) Centre for International Peace & Stability (CIPS) General Stacks 08/15/2013   327.095491 KHA 2013 CIPS0000110 08/15/2013 01/05/2017 Book      
          Centre for International Peace & Stability (CIPS) Centre for International Peace & Stability (CIPS) General Stacks 08/05/2013   327.095491 KHA 2013 CIPS0000432 09/03/2013 09/03/2013 Book      
          NUST Law School (NLS) NUST Law School (NLS) General Stacks 09/05/2013 2 327.95491 KHA 2013 CIPS0000815 10/25/2022 09/05/2013 Book   1 07/24/2022
© 2023 Central Library, National University of Sciences and Technology. All Rights Reserved.